| 000 | 00384nam a22001217a 4500 | ||
|---|---|---|---|
| 999 |
_c9395 _d9395 |
||
| 003 | OSt | ||
| 008 | 201203b ||||| |||| 00| 0 eng d | ||
| 245 | _aAsian Textile Journal | ||
| 250 | _a2015( Jan Vol.24 No.1, Feb Vol.24 No.2, Mar Vol.24 No.3, Apr Vol.24 No.4, May Vol.24 No.5 ) | ||
| 260 |
_aMumbai _bSB Dyesprings [INDIA] Pvt. Ltd. |
||
| 650 | _aTextile Engineering | ||
| 942 |
_2ddc _cBV |
||